• 首页
  • 本馆介绍
  • 公告通知
  • 最新文献
  • 馆藏检索
  • 电子资源
  • 读者导购
  • 参考咨询
  • 我的图书馆
  • 登录
  • 详细信息显示
  • 放入我的书架
  • 预约/预借图书
  • 作者相关作品
  • 分类相关作品
  • 丛书相关作品
  • 出版社相关作品

书目信息

  • 表格格式
  • 工作单格式
  • 卡片格式
题名:
少儿语言艺术训练
    
 
作者: ;语言小博士研发团队 编著
分册: 1   进阶篇
出版信息: 北京   中国传媒大学出版社  2020.1
页数: 102页
开本: 26cm
丛书名:
单 册:
中图分类: H019 , G623.21
科图分类:
主题词: 语言艺术--儿童教育--教材 , 教育--各级
电子资源:
ISBN: 978-7-5657-2631-6
000 01061nam0 2200265 45
001 012001001976
005 20210923082425.16
010    @a978-7-5657-2631-6@dCNY58.00
100    @a20200905d2020 ce y0chiy0110 ea
101 0  @achi
102    @aCN@b110000
105    @aa z 000yy
106    @ar
200 1  @a少儿语言艺术训练@Ashao er yu yan yi shu xun lian@i进阶篇@h1@e9-12岁@f语言小博士研发团队编著
210    @a北京@c中国传媒大学出版社@d2020.1
215    @a102页@c彩图@d26cm
300    @a语言小博士系列教材
330    @a本书分为四个单元:第一单元“吐字发声技巧与方法”,介绍呼吸控制、口腔控制、喉部控制与嗓音保护和吐字发声训练:说读《弟子规》;第二单元“我是演说家”,介绍有稿演讲、写作与演讲、即兴演讲;第三单元“我是演员”,介绍表演的奥妙及基本技能训练、剧目演练;第四单元“我是老师”。
606 0  @a语言艺术@x儿童教育@j教材
606 0  @a教育@x各级
690    @aH019@v5
690    @aG623.21@v3
711 02 @a语言小博士研发团队@Ayu yan xiao bo shi yan fa tuan dui@4编著
801    @aCN@bAHXH@c20210922
905    @b1253122-6@dG623.21@e1733:1@f5
    
    少儿语言艺术训练.进阶篇.1:9-12岁/语言小博士研发团队编著.-北京:中国传媒大学出版社,2020.1
    102页:彩图;26cm
    语言小博士系列教材
    
    ISBN 978-7-5657-2631-6:CNY58.00
    本书分为四个单元:第一单元“吐字发声技巧与方法”,介绍呼吸控制、口腔控制、喉部控制与嗓音保护和吐字发声训练:说读《弟子规》;第二单元“我是演说家”,介绍有稿演讲、写作与演讲、即兴演讲;第三单元“我是演员”,介绍表演的奥妙及基本技能训练、剧目演练;第四单元“我是老师”。
●
相关链接 在E读中查询图书 在五车中查询图书 在当当中查询图书 在豆瓣中查询图书


正题名:少儿语言艺术训练     索取号:G623.21/1733:1         预约/预借

序号 登录号 条形码 馆藏地/架位号 状态 备注
1 1253122   212531223   第一样本阅览室/ [索取号:G623.21/1733:1] 在馆    
2 1253123   212531232   教育系资料室/ [索取号:G623.21/1733:1] 在馆    
3 1253124   212531241   教育系资料室/ [索取号:G623.21/1733:1] 在馆    
4 1253125   212531250   第四借阅区/ [索取号:G623.21/1733:1] 在馆    
5 1253126   212531269   第四借阅区/ [索取号:G623.21/1733:1] 在馆    
唐山师范学院图书馆 欢迎您!
大连网信软件有限公司© 版权所有